[Event "38th Nezhmetdinov Mem"]
[Site "Kazan RUS"]
[Date "2016.05.31"]
[Round "1.2"]
[White "Bezdenezhnyh, Pavel"]
[Black "Kokarev, Dmitry"]
[Result "0-1"]
[BlackTitle "GM"]
[WhiteElo "2181"]
[BlackElo "2622"]
[WhiteFideId "24126845"]
[BlackFideId "4132181"]
[EventDate "2016.05.31"]

1. e4 c5 2. Nf3 d6 3. d4 cxd4 4. Qxd4 a6 5. c4 Nc6 6. Qd2 g6 7. Nc3 Bh6 8. Qc2
Bg7 9. Be2 Bg4 10. O-O Rc8 11. Be3 Bxf3 12. gxf3 Nd4 13. Qa4+ Qd7 14. Qxd7+ Kxd7
15. Rac1 Rc7 16. b3 Nxe2+ 17. Nxe2 Nf6 18. Rfd1 Kc8 19. Nc3 Rc6 20. Bd4 e6 21.
Be3 Nd7 22. Ne2 Rd8 23. Nd4 Rc7 24. Ne2 Nc5 25. Bg5 Rdd7 26. Bf4 Be5 27. Be3 f5
28. Bxc5 dxc5 29. f4 Bb2 30. Rb1 Ba3 31. e5 Bb4 32. Kg2 b5 33. Kf3 Kb7 34. Ke3
Kc6 35. Kf3 Rb7 36. Ke3 bxc4 37. bxc4 Bd2+ 38. Kf3 Rd3+ 39. Kg2 Rxb1 40. Rxb1
Bb4 41. Rb2 a5 42. f3 a4 43. Kf2 a3 44. Rc2 Rd2 45. Rxd2 Bxd2 46. Kg3 Kb6 47.
Ng1 Ka5 48. Nh3 h6 49. Kf2 Kb4 50. Ke2 Kc3 51. Nf2 Bxf4 52. Nd3 Bxh2 53. Nxc5
Kxc4 54. Nxe6 Bxe5 0-1

[Event "38th Nezhmetdinov Mem"]
[Site "Kazan RUS"]
[Date "2016.05.31"]
[Round "1.3"]
[White "Timofeev, Artyom"]
[Black "Galaktionov, Artem"]
[Result "1-0"]
[WhiteTitle "GM"]
[WhiteElo "2598"]
[BlackElo "2181"]
[WhiteFideId "4140419"]
[BlackFideId "24175471"]
[EventDate "2016.05.31"]

1. e4 c6 2. d4 d5 3. f3 Qb6 4. a4 a5 5. exd5 cxd5 6. Nc3 Nf6 7. Nb5 Na6 8. Bf4
e6 9. Bd3 Be7 10. Ne2 O-O 11. c3 Ne8 12. Qc2 f5 13. O-O Nd6 14. Kh1 Bd7 15. Nxd6
Bxd6 16. Qd2 Nc7 17. Rfe1 Kf7 18. Be5 Bxe5 19. dxe5 Na6 20. g4 fxg4 21. Nd4 Kg8
22. Rg1 Nc5 23. Rxg4 Nxd3 24. Qxd3 Be8 25. Rag1 Bg6 26. Rxg6 hxg6 27. Qxg6 Rf7
28. Nf5 Qxg1+ 29. Kxg1 exf5 30. Qd6 f4 31. e6 Rff8 32. e7 Rfb8 33. Qxd5+ Kh7 34.
Qf5+ Kg8 35. Qxf4 Re8 36. Qc4+ Kh7 37. Qf7 Kh6 38. h4 g6 39. Kg2 Rg8 40. Kh3
Rac8 41. f4 b6 42. h5 gxh5 43. f5 Kg5 44. f6 Kf5 45. Qxg8 Rxg8 46. f7 1-0

[Event "38th Nezhmetdinov Mem"]
[Site "Kazan RUS"]
[Date "2016.05.31"]
[Round "1.4"]
[White "Alekseeva, Irina"]
[Black "Bocharov, Dmitry"]
[Result "0-1"]
[BlackTitle "GM"]
[WhiteElo "2177"]
[BlackElo "2597"]
[WhiteFideId "24178683"]
[BlackFideId "4138716"]
[EventDate "2016.05.31"]

1. e4 c5 2. Nf3 e6 3. d4 cxd4 4. Nxd4 a6 5. Nc3 b5 6. Be3 Bb7 7. Bd3 Qc7 8. O-O
Nf6 9. f4 d6 10. a3 Nbd7 11. Qf3 Be7 12. g4 h6 13. Rae1 g5 14. f5 e5 15. Nb3 h5
16. Bxg5 hxg4 17. Qg2 O-O-O 18. Be3 Rh3 19. Qe2 Rdh8 20. Bxb5 axb5 21. Nxb5 g3
22. Nxc7 gxh2+ 0-1

[Event "38th Nezhmetdinov Mem"]
[Site "Kazan RUS"]
[Date "2016.05.31"]
[Round "1.5"]
[White "Ponkratov, Pavel"]
[Black "Voinikonis, Nikita"]
[Result "1-0"]
[WhiteTitle "GM"]
[WhiteElo "2595"]
[BlackElo "2168"]
[WhiteFideId "4157800"]
[BlackFideId "34187500"]
[EventDate "2016.05.31"]

1. d4 d5 2. c4 e6 3. g3 Nf6 4. Bg2 dxc4 5. Qa4+ Nbd7 6. Qxc4 a6 7. Qc2 c5 8. Nf3
Ra7 9. O-O b5 10. Rd1 Bb7 11. a4 Be4 12. Qd2 b4 13. Qe1 c4 14. Bg5 Qa8 15. Nbd2
Bd5 16. Rac1 Rc7 17. e4 Nxe4 18. Nxe4 Bxe4 19. d5 Bxd5 20. Nd4 Nf6 21. Nxe6 fxe6
22. Rxd5 Nxd5 23. Qxe6+ Be7 24. Bxd5 Qc8 25. Bc6+ 1-0

[Event "38th Nezhmetdinov Mem"]
[Site "Kazan RUS"]
[Date "2016.05.31"]
[Round "1.6"]
[White "Smougalev, Gennady"]
[Black "Aleksandrov, Aleksej"]
[Result "0-1"]
[WhiteTitle "FM"]
[BlackTitle "GM"]
[WhiteElo "2161"]
[BlackElo "2592"]
[WhiteFideId "4122410"]
[BlackFideId "13500139"]
[EventDate "2016.05.31"]

1. d4 Nf6 2. c4 e6 3. Nf3 d5 4. g3 dxc4 5. Bg2 Nc6 6. O-O Rb8 7. e3 b5 8. Qe2 a6
9. Rd1 Bd7 10. e4 Be7 11. Bg5 O-O 12. Bxf6 Bxf6 13. e5 Be7 14. Nc3 Nb4 15. Ne1
Bc8 16. f4 c5 17. d5 exd5 18. Bxd5 Qb6 19. a3 Nc6 20. Bxc6 Qxc6 21. Nd5 Re8 22.
Ng2 Bf5 23. Nge3 Bd3 24. Qg2 Qg6 25. Re1 Bf8 26. Rad1 Rbd8 27. Nc7 Re7 28. f5
Qg5 29. Ned5 Qxf5 30. Nxe7+ Bxe7 31. Nd5 Bf8 32. Nf4 g6 33. Nd5 Kg7 34. Rd2 Re8
35. g4 Qg5 36. Re3 Rxe5 37. h4 Qxe3+ 38. Nxe3 Rxe3 39. Qf2 Re4 40. Qg3 b4 41. g5
Kg8 42. Kf2 h5 43. gxh6 Bxh6 44. Rxd3 cxd3 45. Qxd3 Re6 46. Qd5 Bf8 47. a4 Rd6
48. Qe5 c4 49. h5 Re6 50. Qd4 Rc6 51. hxg6 0-1

[Event "38th Nezhmetdinov Mem"]
[Site "Kazan RUS"]
[Date "2016.05.31"]
[Round "1.7"]
[White "Lintchevski, Daniil"]
[Black "Parnali, S Dharia"]
[Result "1-0"]
[WhiteTitle "GM"]
[BlackTitle "WIM"]
[WhiteElo "2566"]
[BlackElo "2160"]
[WhiteFideId "4171055"]
[BlackFideId "5043131"]
[EventDate "2016.05.31"]

1. d4 d5 2. c4 e6 3. Nc3 Nf6 4. Nf3 Bb4 5. Bg5 h6 6. Bxf6 Qxf6 7. e3 Nc6 8. Rc1
O-O 9. cxd5 exd5 10. a3 Bxc3+ 11. Rxc3 Bg4 12. Be2 Rfe8 13. O-O Rad8 14. Qd2 Qd6
15. Rfc1 h5 16. h3 Bf5 17. Bb5 Bd7 18. Bxc6 Bxc6 19. Ne5 Rxe5 20. dxe5 Qxe5 21.
Qd4 Qg5 22. b4 a6 23. Rxc6 bxc6 24. Rxc6 Rd6 25. Rxd6 cxd6 26. a4 Qf5 27. Qb2
Qc8 28. b5 axb5 29. axb5 Kf8 30. Qa3 Qb8 31. Qa6 Ke7 32. Qc6 Qa7 33. Qxd5 Qa1+
34. Kh2 Qb2 35. Qb7+ Ke6 36. Qc8+ Ke7 37. Qc7+ Ke6 38. b6 h4 39. Qc4+ d5 40.
Qc6+ Ke7 41. Qc7+ Ke6 42. b7 1-0

[Event "38th Nezhmetdinov Mem"]
[Site "Kazan RUS"]
[Date "2016.05.31"]
[Round "1.8"]
[White "Khazieva, Elza"]
[Black "Fedorov, Alexei"]
[Result "0-1"]
[WhiteTitle "WFM"]
[BlackTitle "GM"]
[WhiteElo "2147"]
[BlackElo "2565"]
[WhiteFideId "4100166"]
[BlackFideId "13500465"]
[EventDate "2016.05.31"]

1. e4 c5 2. Nf3 Nc6 3. Bb5 e6 4. O-O Nge7 5. Re1 Nd4 6. Bf1 Nec6 7. c3 Nxf3+ 8.
Qxf3 Be7 9. Na3 O-O 10. Nc2 e5 11. Bc4 d6 12. d3 Kh8 13. Ne3 Bg5 14. Nf5 Bxc1
15. Raxc1 g6 16. Ne3 f5 17. Nd5 f4 18. b4 Qh4 19. g3 Bg4 20. gxh4 Bxf3 21. bxc5
dxc5 22. Nc7 Rac8 23. Ne6 Rf6 24. Nxc5 b6 25. Nb3 Bg4 26. Nd2 f3 27. Re3 b5 28.
h3 Bxh3 29. Kh2 Bg2 30. Bxb5 Rf4 31. Kg3 h5 32. Nxf3 Rg4+ 33. Kh2 Bxf3 34. Rxf3
Nd4 35. Rf7 Nxb5 0-1

[Event "38th Nezhmetdinov Mem"]
[Site "Kazan RUS"]
[Date "2016.05.31"]
[Round "1.9"]
[White "Smirnov, Pavel"]
[Black "Emelianov, Fedor"]
[Result "1-0"]
[WhiteTitle "GM"]
[WhiteElo "2564"]
[BlackElo "2134"]
[WhiteFideId "4123425"]
[BlackFideId "24140228"]
[EventDate "2016.05.31"]

1. Nf3 Nf6 2. c4 e6 3. d4 d5 4. Nc3 c6 5. e3 Bd6 6. Bd3 Nbd7 7. O-O O-O 8. e4
Nxe4 9. Nxe4 dxe4 10. Bxe4 Nf6 11. Bc2 c5 12. Bg5 cxd4 13. Qxd4 Be7 14. Qh4 h6
15. Bxh6 gxh6 16. Qxh6 e5 17. Rae1 e4 18. Rxe4 Nxe4 19. Bxe4 f5 20. Bd5+ Rf7 21.
Bxf7+ Kxf7 22. Ne5+ 1-0

[Event "38th Nezhmetdinov Mem"]
[Site "Kazan RUS"]
[Date "2016.05.31"]
[Round "1.10"]
[White "Andreev, Viktor"]
[Black "Rozum, Ivan"]
[Result "0-1"]
[WhiteTitle "FM"]
[BlackTitle "GM"]
[WhiteElo "2128"]
[BlackElo "2559"]
[WhiteFideId "4133277"]
[BlackFideId "24104272"]
[EventDate "2016.05.31"]

1. e4 c5 2. Nf3 d6 3. d4 cxd4 4. Nxd4 Nf6 5. Nc3 a6 6. a4 g6 7. Be2 Bg7 8. O-O
O-O 9. Kh1 Nc6 10. Be3 Bd7 11. f4 Rc8 12. Nb3 Be6 13. Nd4 Nxd4 14. Bxd4 Bc4 15.
Bxc4 Rxc4 16. Qd3 Rc6 17. Rad1 Qa5 18. Bxf6 Bxf6 19. Nd5 Qxa4 20. b3 Qa3 21. g4
Re8 22. g5 Bg7 23. f5 Qa5 24. fxg6 fxg6 25. Qf3 Qd8 26. Qf7+ Kh8 27. c4 b5 28.
Nf4 Rf8 29. Qe6 Qc8 30. Qxe7 Re8 31. Qf7 bxc4 32. Rf3 Rf8 33. Qd5 cxb3 34. Qxb3
Qe8 35. Qd5 Rc5 36. Qb7 Rb5 37. Qxa6 Qxe4 0-1

[Event "38th Nezhmetdinov Mem"]
[Site "Kazan RUS"]
[Date "2016.05.31"]
[Round "1.11"]
[White "Shomoev, Anton"]
[Black "Murzin, Lenar"]
[Result "1-0"]
[WhiteTitle "GM"]
[BlackTitle "IM"]
[WhiteElo "2553"]
[BlackElo "2104"]
[WhiteFideId "4135148"]
[BlackFideId "4116461"]
[EventDate "2016.05.31"]

1. e4 e5 2. Nf3 Nc6 3. Bb5 a6 4. Ba4 Nf6 5. O-O Be7 6. d3 b5 7. Bb3 d6 8. a3 O-O
9. Nc3 Bg4 10. Be3 Qd7 11. h3 Bh5 12. Nd5 Kh8 13. Nxe5 dxe5 14. Nxf6 Bxf6 15.
Qxh5 1-0

[Event "38th Nezhmetdinov Mem"]
[Site "Kazan RUS"]
[Date "2016.05.31"]
[Round "1.12"]
[White "Mukhutdinov, Tigran"]
[Black "Pridorozhni, Aleksei"]
[Result "0-1"]
[BlackTitle "GM"]
[WhiteElo "2098"]
[BlackElo "2552"]
[WhiteFideId "34108570"]
[BlackFideId "4127870"]
[EventDate "2016.05.31"]

1. e4 c5 2. Nf3 Nc6 3. d4 cxd4 4. Nxd4 Qb6 5. Nxc6 bxc6 6. Bd3 g6 7. O-O Bg7 8.
c3 Nf6 9. Qe2 O-O 10. Be3 Qc7 11. Nd2 d5 12. h3 e5 13. Bg5 h6 14. Bxf6 Bxf6 15.
Nb3 Bg7 16. f3 f5 17. c4 dxe4 18. fxe4 f4 19. Rad1 Kh7 20. c5 a5 21. Nd2 Qe7 22.
Rc1 h5 23. Rfd1 Be6 24. a3 Rab8 25. Nf3 Bf6 26. Nh2 Kh6 27. Kh1 Rfd8 28. Rf1 Rb3
29. Rf3 g5 30. Bb1 Rxf3 31. Qxf3 Rd2 32. Qc3 Qd7 33. Nf3 Rd1+ 34. Rxd1 Qxd1+ 35.
Qe1 Qb3 36. Qd2 g4 37. hxg4 hxg4 38. Ne1 Qc4 39. Bd3 Qxc5 40. Nc2 Kg6 41. b4
axb4 42. axb4 Qa7 43. Qc3 g3 44. Qxc6 Qh7+ 45. Kg1 Bg4 46. Qc5 f3 0-1

[Event "38th Nezhmetdinov Mem"]
[Site "Kazan RUS"]
[Date "2016.05.31"]
[Round "1.13"]
[White "Maiorov, Nikita1"]
[Black "Gilyazitdinov, Nikita"]
[Result "1-0"]
[WhiteTitle "GM"]
[WhiteElo "2538"]
[BlackElo "2065"]
[WhiteFideId "13501720"]
[BlackFideId "4184106"]
[EventDate "2016.05.31"]

1. g3 e5 2. c4 d6 3. Bg2 Nf6 4. Nc3 g6 5. e4 Nc6 6. Nge2 Bg7 7. d3 O-O 8. O-O
Be6 9. Nd5 Nd4 10. Nxd4 exd4 11. Nf4 Bd7 12. Bd2 a5 13. b3 c6 14. Qc2 Qe7 15.
Rae1 h5 16. Ne2 c5 17. h3 Bc6 18. Kh2 Nd7 19. a4 b6 20. f4 f6 21. Ng1 Rae8 22.
Qd1 Qf7 23. Nf3 Bh6 24. e5 Nb8 25. f5 Bxd2 26. e6 Qg7 27. Qxd2 g5 28. Qe2 Re7
29. Nd2 Qh6 30. Be4 Kg7 31. Qg2 Bxe4 32. Nxe4 Rd8 33. Qd2 g4 34. Qxh6+ Kxh6 35.
Nxf6 1-0

[Event "38th Nezhmetdinov Mem"]
[Site "Kazan RUS"]
[Date "2016.05.31"]
[Round "1.14"]
[White "Mamontova, Anastasia"]
[Black "Predke, Alexandr"]
[Result "1-0"]
[WhiteElo "2065"]
[BlackElo "2535"]
[WhiteFideId "34100234"]
[BlackFideId "24107581"]
[EventDate "2016.05.31"]

1. d4 d5 2. c4 e6 3. Nc3 c6 4. b3 Nf6 5. e3 c5 6. dxc5 Bxc5 7. cxd5 O-O 8. Bb2
exd5 9. Nf3 Qe7 10. Be2 Rd8 11. O-O Nc6 12. Nb5 Ne4 13. Nbd4 Rd6 14. Nxc6 bxc6
15. Rc1 Rh6 16. Bd4 Bd6 17. g3 Ba3 18. Rc2 Bh3 19. Ne5 Bxf1 20. Bxf1 c5 21. Ba1
Rd6 22. Qg4 Qe6 23. Qe2 Re8 24. Qb5 d4 25. exd4 cxd4 26. Bh3 f5 27. Nd3 Rf8 28.
Qa4 Nc5 29. Nxc5 Bxc5 30. Rxc5 Qe1+ 31. Kg2 Qxa1 32. Qc4+ Kh8 33. Rxf5 Rdf6 34.
Rxf6 gxf6 35. Qc5 Kg7 36. Be6 Qb1 37. Qe7+ Kg6 38. Bd5 d3 39. Qxf8 Kf5 40. Qe7 1-0

[Event "38th Nezhmetdinov Mem"]
[Site "Kazan RUS"]
[Date "2016.05.31"]
[Round "1.14"]
[White "Yudin, Sergei"]
[Black "Markelova, Lubov"]
[Result "1-0"]
[WhiteTitle "GM"]
[BlackTitle "WFM"]
[WhiteElo "2530"]
[BlackElo "2059"]
[WhiteFideId "4159659"]
[BlackFideId "24131369"]
[EventDate "2016.05.31"]

1. e4 e6 2. d4 d5 3. Nd2 c5 4. Ngf3 cxd4 5. Nxd4 Nf6 6. exd5 Qxd5 7. Nb5 Na6 8.
Nc3 Qd8 9. a3 Be7 10. Qf3 Nc5 11. b4 Ncd7 12. Nc4 Nb6 13. Bb2 Nxc4 14. Bxc4 O-O
15. O-O Qc7 16. Bd3 Bd7 17. Rfe1 Bc6 18. Qh3 h6 19. Re3 Rfd8 20. b5 Bd5 21. Rg3
Kf8 22. Re1 Rac8 23. Nxd5 Rxd5 24. Qh4 Qa5 25. Rge3 Rh5 26. Qg3 Rg5 27. Qf3 Qc7
28. h4 Rd5 29. c4 Rdd8 30. g4 Qc5 31. Bf1 Kg8 32. Bc3 Rc7 33. Bb4 Qd4 34. g5
Bxb4 35. axb4 hxg5 36. Rd3 Qxd3 37. Bxd3 gxh4 38. Bf1 Rcd7 39. Be2 1-0

[Event "38th Nezhmetdinov Mem"]
[Site "Kazan RUS"]
[Date "2016.05.31"]
[Round "1.16"]
[White "Ioffe, Dmitry"]
[Black "Shariyazdanov, Andrey"]
[Result "0-1"]
[BlackTitle "GM"]
[WhiteElo "2058"]
[BlackElo "2527"]
[WhiteFideId "4185617"]
[BlackFideId "4122747"]
[EventDate "2016.05.31"]

1. d4 Nf6 2. Nf3 e6 3. c3 b6 4. Bg5 Bb7 5. e3 h6 6. Bh4 g5 7. Bg3 Ne4 8. Nbd2
Nxg3 9. hxg3 Bg7 10. Bd3 g4 11. Ng1 h5 12. e4 d6 13. Ne2 Nd7 14. Nf4 Qg5 15. Qa4
a6 16. O-O-O h4 17. Kb1 Ke7 18. Qc2 b5 19. Nb3 Rab8 20. Qd2 Bf6 21. gxh4 Rxh4
22. g3 Rhh8 23. Qe2 c5 24. dxc5 Nxc5 25. Nxc5 Qxc5 26. Ng2 b4 27. c4 Qd4 28. Qc2
Bc6 29. Kc1 a5 30. Nf4 Rxh1 31. Rxh1 b3 32. axb3 a4 33. Re1 Rxb3 34. Nd5+ Bxd5 0-1

[Event "38th Nezhmetdinov Mem"]
[Site "Kazan RUS"]
[Date "2016.05.31"]
[Round "1.17"]
[White "Gabrielian, Artur"]
[Black "Kalabukhov, Bogdan"]
[Result "1-0"]
[WhiteTitle "GM"]
[WhiteElo "2520"]
[BlackElo "2056"]
[WhiteFideId "4131002"]
[BlackFideId "34102865"]
[EventDate "2016.05.31"]

1. Nf3 d5 2. g3 c5 3. Bg2 Nc6 4. d4 e6 5. O-O Nf6 6. c4 dxc4 7. Qa4 cxd4 8. Rd1
Bd7 9. Qxc4 e5 10. e3 dxe3 11. Bxe3 Be7 12. Nc3 O-O 13. Bh3 Qc8 14. Bxd7 Nxd7
15. Nd5 Bd8 16. Rac1 Nb6 17. Nxb6 axb6 18. Nxe5 Qe6 19. Nd7 Re8 20. a3 Ne5 21.
Nxe5 Qxe5 22. Qb4 Ra5 23. Re1 Rd5 1-0

[Event "38th Nezhmetdinov Mem"]
[Site "Kazan RUS"]
[Date "2016.05.31"]
[Round "1.18"]
[White "Elkin, Leonid"]
[Black "Hasangatin, Ramil"]
[Result "0-1"]
[BlackTitle "GM"]
[WhiteElo "2055"]
[BlackElo "2512"]
[WhiteFideId "13501240"]
[BlackFideId "4122160"]
[EventDate "2016.05.31"]

1. d4 Nf6 2. c4 e6 3. Nf3 Bb4+ 4. Bd2 Qe7 5. g3 Nc6 6. Bg2 Bxd2+ 7. Nbxd2 d6 8.
O-O a5 9. Rc1 O-O 10. Qc2 e5 11. e3 Bg4 12. h3 Bh5 13. Qc3 Nd7 14. a3 a4 15. Kh2
Rfe8 16. Nh4 exd4 17. exd4 Qf6 18. Nhf3 Re2 19. Rce1 Rae8 20. Rxe2 Rxe2 21. Qd3
Bxf3 22. Nxf3 Rxb2 23. Rb1 Nxd4 24. Nxd4 Rxb1 25. Qxb1 Qxd4 26. Qxb7 Qxc4 27.
Bc6 Nf8 28. Qxc7 Qc5 29. Kg2 g6 30. Qb7 Qxa3 31. Qa8 Kg7 32. Bxa4 Nd7 33. Qc6
Nf8 34. Qe4 Qc3 35. Bb5 Qc8 36. Ba4 0-1

[Event "38th Nezhmetdinov Mem"]
[Site "Kazan RUS"]
[Date "2016.05.31"]
[Round "1.19"]
[White "Iljiushenok, Ilia"]
[Black "Kolbyshev, Sergei"]
[Result "1-0"]
[WhiteTitle "IM"]
[WhiteElo "2499"]
[BlackElo "2054"]
[WhiteFideId "24105074"]
[BlackFideId "34107646"]
[EventDate "2016.05.31"]

1. e4 c5 2. Nf3 e6 3. d4 cxd4 4. Nxd4 Nf6 5. Nc3 Nc6 6. Ndb5 d6 7. Bf4 e5 8. Bg5
a6 9. Na3 Be6 10. Nc4 Rc8 11. Bxf6 gxf6 12. Bd3 Nd4 13. Ne3 Bh6 14. O-O O-O 15.
Qh5 Bxe3 16. fxe3 Nb5 17. Nd5 f5 18. exf5 1-0

[Event "38th Nezhmetdinov Mem"]
[Site "Kazan RUS"]
[Date "2016.05.31"]
[Round "1.20"]
[White "Murtazin, Ruslan"]
[Black "Kharchenko, Boris"]
[Result "0-1"]
[BlackTitle "GM"]
[WhiteElo "2050"]
[BlackElo "2467"]
[WhiteFideId "24175960"]
[BlackFideId "14113210"]
[EventDate "2016.05.31"]

1. e4 e5 2. Nf3 Nc6 3. Nc3 Nf6 4. Be2 d5 5. exd5 Nxd5 6. O-O Nxc3 7. bxc3 e4 8.
Ne1 Bd6 9. f3 Bf5 10. fxe4 Bxe4 11. Bf3 Qh4 12. g3 Qe7 13. d4 O-O 14. Nd3 Rae8
15. Bd2 Qe6 16. Re1 Bxf3 17. Qxf3 Qc4 18. Rab1 Rxe1+ 19. Bxe1 b6 20. Nc1 Na5 21.
Nb3 Qa4 22. Qd3 Re8 23. Qd1 Nc4 24. Bf2 Qxa2 25. Ra1 Qb2 26. Rxa7 Qxc3 27. Ra2
h6 28. Qh5 Re1+ 29. Kg2 Ne3+ 30. Kh3 Qc4 31. Ra8+ Kh7 32. Nd2 Qe6+ 33. g4 g6 34.
Qh4 Qd5 0-1

[Event "38th Nezhmetdinov Mem"]
[Site "Kazan RUS"]
[Date "2016.05.31"]
[Round "1.21"]
[White "Moskalenko, Alexander"]
[Black "Garafutdinov, Ainur"]
[Result "1-0"]
[WhiteTitle "IM"]
[WhiteElo "2464"]
[BlackElo "2044"]
[WhiteFideId "4155351"]
[BlackFideId "24175498"]
[EventDate "2016.05.31"]

1. d4 f5 2. g3 Nf6 3. Bg2 g6 4. c3 Bg7 5. Nh3 c6 6. Qb3 e6 7. Bf4 d5 8. Qa3 Bf8
9. Qa4 Bd6 10. Nd2 Bxf4 11. Nxf4 O-O 12. Nf3 Re8 13. O-O Nbd7 14. Nd3 Qc7 15. c4
Nb6 16. Qa5 dxc4 17. Nde5 Qd6 18. Rac1 Nfd7 19. Rfd1 Qd5 20. Qd2 Kg7 21. h4 Nf6
22. Nf7 Re7 23. N3e5 Qb5 24. Qh6+ Kg8 25. Nd6 Qb4 26. Ndxc4 Nxc4 27. Rxc4 Qxb2
28. Qg5 Kg7 29. h5 Ng8 30. h6+ Kh8 31. Qe3 Nf6 32. g4 Qb6 33. gxf5 gxf5 34. Qg5
Ng8 35. Rc3 Qc7 36. Rg3 Nxh6 37. Qf6+ Rg7 38. Qf8+ Ng8 39. Rxg7 Qxg7 40. Nf7+ 1-0

[Event "38th Nezhmetdinov Mem"]
[Site "Kazan RUS"]
[Date "2016.05.31"]
[Round "1.22"]
[White "Sinyanskiy, Maxim"]
[Black "Harutyunian, Tigran K."]
[Result "0-1"]
[BlackTitle "IM"]
[WhiteElo "2042"]
[BlackElo "2452"]
[WhiteFideId "4178068"]
[BlackFideId "13303635"]
[EventDate "2016.05.31"]

1. e4 c5 2. Nf3 e6 3. d4 cxd4 4. Nxd4 Nc6 5. Nc3 Qc7 6. Be2 Nf6 7. O-O a6 8. Be3
Bb4 9. Na4 O-O 10. Nxc6 bxc6 11. Bd4 e5 12. Bb6 Qb7 13. c4 Be7 14. Qc2 d5 15.
exd5 cxd5 16. cxd5 Bd7 17. Be3 Nxd5 18. Bf3 Nxe3 19. fxe3 Rac8 20. Nc3 Qa7 21.
Qd3 Bc5 22. Rae1 f5 23. Qd5+ Kh8 24. Qxe5 Rce8 25. Qd5 Be6 26. Qb7 Bc4 27. Qxa7
Bxa7 28. Be2 Bxe3+ 29. Kh1 Bd2 30. Bxc4 Rxe1 31. Rxe1 Bxe1 32. Nd5 a5 33. Kg1 g5
34. Kf1 Bb4 0-1

[Event "38th Nezhmetdinov Mem"]
[Site "Kazan RUS"]
[Date "2016.05.31"]
[Round "1.23"]
[White "Baghdasaryan, Vahe"]
[Black "Terentev, Mikhail"]
[Result "1-0"]
[WhiteTitle "IM"]
[WhiteElo "2441"]
[BlackElo "2024"]
[WhiteFideId "13303139"]
[BlackFideId "24183814"]
[EventDate "2016.05.31"]

1. c4 e5 2. Nc3 Nf6 3. Nf3 Nc6 4. e4 Be7 5. Be2 O-O 6. O-O d6 7. d4 exd4 8. Nxd4
Nxd4 9. Qxd4 Re8 10. b3 Nd7 11. Bb2 Bf6 12. Qd2 Nc5 13. f3 Ne6 14. f4 Bd7 15.
Rae1 Bc6 16. Bd3 a5 17. Bb1 Qb8 18. e5 dxe5 19. fxe5 Bg5 20. Qd3 Qa7+ 21. Kh1 g6
22. Nd5 Rad8 23. Qh3 Bxd5 24. cxd5 Rxd5 25. Rxf7 h6 26. Bxg6 1-0

[Event "38th Nezhmetdinov Mem"]
[Site "Kazan RUS"]
[Date "2016.05.31"]
[Round "1.24"]
[White "Skvortsov, Vladimir"]
[Black "Tsydypov, Zhamsaran"]
[Result "0-1"]
[BlackTitle "IM"]
[WhiteElo "2016"]
[BlackElo "2438"]
[WhiteFideId "24183792"]
[BlackFideId "4108566"]
[EventDate "2016.05.31"]

1. Nf3 g6 2. d4 Bg7 3. e3 c5 4. b3 cxd4 5. exd4 Nf6 6. Bd3 d5 7. O-O Nc6 8. a3
O-O 9. Nbd2 Qb6 10. Bb2 Bg4 11. h3 Bxf3 12. Nxf3 e6 13. Re1 Rac8 14. Qd2 Rfd8
15. Rad1 Ne7 16. Qb4 Qc7 17. c4 Nc6 18. Qd2 Na5 19. Qc2 dxc4 20. bxc4 Nxc4 21.
Rc1 Nxb2 22. Qxb2 Qd7 23. Rb1 Rc7 24. Qb4 Nd5 25. Qa5 b6 26. Qd2 Qa4 27. Ra1 Rc3
28. Be4 Rxa3 29. Rxa3 Qxa3 30. Bxd5 Rxd5 31. Qf4 Qd6 32. Qh4 Bxd4 33. Ng5 Bxf2+
34. Kxf2 Qc5+ 0-1

[Event "38th Nezhmetdinov Mem"]
[Site "Kazan RUS"]
[Date "2016.05.31"]
[Round "1.25"]
[White "Korchmar, Vasiliy"]
[Black "Pavlova, Nataliy"]
[Result "1-0"]
[WhiteTitle "IM"]
[WhiteElo "2437"]
[BlackElo "2010"]
[WhiteFideId "24131750"]
[BlackFideId "24135615"]
[EventDate "2016.05.31"]

1. d4 d5 2. c4 c6 3. Nf3 e6 4. g3 Nf6 5. Bg2 Bd6 6. Nc3 Nbd7 7. Nd2 O-O 8. O-O
Bb4 9. e4 Bxc3 10. bxc3 dxe4 11. Nxe4 Nxe4 12. Bxe4 Qa5 13. Qc2 Nf6 14. Bg2 Re8
15. Bf4 Ng4 16. Bd6 Nh6 17. Rab1 Nf5 18. Bf4 f6 19. Rfe1 e5 20. dxe5 fxe5 21.
Qd2 Qc5 22. Rbd1 b6 23. Bxe5 Ba6 24. Qf4 Rf8 25. Rd7 Bxc4 26. Qg5 g6 27. g4 Ne7
28. Qh4 Rf7 29. Bd4 1-0

[Event "38th Nezhmetdinov Mem"]
[Site "Kazan RUS"]
[Date "2016.05.31"]
[Round "1.26"]
[White "Filyanin, Daniil"]
[Black "Sharafiev, Azat"]
[Result "0-1"]
[BlackTitle "IM"]
[WhiteElo "2006"]
[BlackElo "2435"]
[WhiteFideId "24177300"]
[BlackFideId "4186214"]
[EventDate "2016.05.31"]

1. e4 c5 2. Nf3 e6 3. d4 cxd4 4. Nxd4 Nc6 5. Nb5 d6 6. c4 Nf6 7. N5c3 Be7 8. Be3
O-O 9. Be2 b6 10. O-O Bb7 11. Nd2 Rc8 12. f4 d5 13. e5 d4 14. exf6 Bxf6 15. Nce4
dxe3 16. Nxf6+ Qxf6 17. Ne4 Qxb2 18. Rb1 Qxa2 19. Bd3 Nd4 20. Ra1 Qb2 21. Qh5
Bxe4 22. Bxe4 g6 23. Qe5 Rc5 24. Qd6 Rxc4 25. Bd3 Rc6 26. Qd7 Qc3 27. Be4 e2 28.
Bxc6 exf1=Q+ 29. Rxf1 Nxc6 0-1